Statistics for Flags of the British Colonies #3

Click here to take the quiz!

General Stats

  • This quiz has been taken 4 times
  • The average score is 2 of 7

Answer Stats

Answer% Correct
British New Hebrides
75%
British Mauritius
50%
Nyasaland
50%
Saint Christopher-Nevis-Anguilla
0%
Saint Lucia
0%
Saint Vincent & the Grenadines
0%
Southern Rhodesia
0%

Score Distribution

Percentile by Number Answered

Percent of People with Each Score

Your Score History

You have not taken this quiz